Netherlands Subdivisions Flags (+Twist) - Sudden Death #1 - Statistics

General Stats
  • This quiz has been taken 24 times
  • The average score is 8 of 13
Answers on the Grid
Answers color-coded by a green-red scale on the quiz's grid according to % correct below.
Drenthe
Flevoland
Friesland
Gelderland
Groningen
Limburg
North Brabant
North Holland
Overijssel
South Holland
Utrecht
Zeeland
Aruba
Curaçao
Sint Maarten
Bonaire
Saba
Sint Eustatius
 
Answer Stats
Answer % Correct
Flevoland
100%
Gelderland
83%
Bonaire
67%
Limburg
67%
North Holland
67%
Overijssel
67%
Saba
67%
South Holland
67%
Aruba
50%
Curaçao
50%
Sint Eustatius
50%
Sint Maarten
50%
Zeeland
50%
No matching quizzes found
Score Distribution
Percent of People with Each Score
Percentile by Number Answered
Your Score History
You have not taken this quiz